Growing Cities in Hungary and Slovakia - Statistics

General Stats
  • This quiz has been taken 25 times
  • The average score is 3 of 5
Answer Stats
Population Population Gained City % Correct
475,503 64,275 Bratislava
100%
1,752,286 23,246 Budapest
100%
68,211 4,580 Erd
30%
24,900 3,721 Pezinok
15%
39,310 4,602 Szigetszentmiklos
5%
No matching quizzes found
Score Distribution
Percent of People with Each Score
Percentile by Number Answered
Your Score History
You have not taken this quiz